|
|
|
|
| LEADER |
00000nab a22000001a 4500 |
| 001 |
vtls010832760 |
| 003 |
SK-MaSNL |
| 005 |
20260304233632.0 |
| 008 |
230121|2004 xo |||||||||||||||||slo| |
| 035 |
|
|
|a (urnnbn)urn:nbn:sk:snk:ar-a06ljt
|
| 035 |
|
|
|a urn:nbn:sk:snk-ab5xcc
|
| 035 |
|
|
|a (uuid)1bb08fc2-b3e2-44f9-a608-f80574db2c71
|
| 040 |
|
|
|a SNKBUCL
|b slo
|c SNKBUCL
|e AACR2
|
| 041 |
0 |
|
|a slo
|
| 044 |
|
|
|a xo
|c SK
|
| 080 |
|
|
|a 027.7
|2 2001
|
| 080 |
|
|
|a 37.03:024.5
|2 2001
|
| 080 |
|
|
|a (73)
|2 2001
|
| 100 |
1 |
|
|a Jeremenko, T. V.
|4 aut
|9 1569519
|
| 245 |
1 |
0 |
|a Univerzitné knižnice USA a propagácia informačnej gramotnosti
|c T. V. Jeremenková
|
| 504 |
|
|
|a Bibliogr. odkazy
|
| 610 |
2 |
7 |
|a American Library Association
|2 SNKKA
|9 84165
|
| 650 |
0 |
7 |
|a univerzitné knižnice
|2 SNKPH
|9 69928
|
| 650 |
0 |
7 |
|a informačná gramotnosť
|2 SNKPH
|9 79102
|
| 651 |
|
7 |
|a Spojené štáty americké
|2 SNKPH
|9 18262
|
| 773 |
0 |
|
|t Bulletin Slovenskej asociácie knižníc
|g Roč. 12, č. 1 (2004), s. 52-55
|
| 954 |
|
|
|a odborná, vedecká literatúra cudzojazyčná (svetová)
|2 lita
|
| 958 |
|
|
|a NB
|
| 958 |
|
|
|a OND
|
| 958 |
|
|
|a EUIPO
|
| 958 |
|
|
|a article5
|
| 999 |
|
|
|c 3199589
|d 3201519
|